=LDR 00000nam 2200000 4500 =001 INLIS000000000036909 =005 20200206095500 =035 ##$$a 0010-061300000036909 =008 200206################g##########0#ind## =041 ##$$a Ind =082 ##$$a 006.68 =090 ##$$a 006.68, Wid d =100 ##$$a Widiyanto, Rahmad =245 1#$$a Digital imaging for advertising, /$c Rahmad Widiyanto dan Asmad Community =260 ##$$a Jakarta :$b Elex Media Komputindo,$c 2010 =300 ##$$a ix, 122 hlm : $b Illus ; $c 23 x 16 cm =650 #4$$a Program komputer Graphies =850 ##$$a NBPNMAT =020 ##$$a 978-979-27-7783-3 =084 ##$$a 006.68 WID d =700 #$$a Asmad Community =990 ##$$a 21102611